00225nam a2200085Ia 450000100070000000500170000700800410002424500530006526000210011888156120250826182642.0250824s9999 xx 000 0 und d 0aALPARSLAN VE MALAZGİR DESTANIcMUSTAFA AKGÜN bPANAMA YAYINLARI